| 000 | 00348nam a2200145Ia 4500 | ||
|---|---|---|---|
| 008 | 220613s9999||||xx |||||||||||||| ||und|| | ||
| 020 | _a9788126567614 | ||
| 100 | _aGerard J Totrora | ||
| 245 | 0 | _aTortora Principles Of Anatomy & Physiology | |
| 250 | _a15th/2017 | ||
| 260 | _bWiley | ||
| 300 | _a989 | ||
| 650 | _aAnatomy | ||
| 942 | _cPREC | ||
| 999 |
_c12531 _d12531 |
||